[Event "Olympiad Women 2024"]
[Site "Budapest HUN"]
[Date "2024.09.13"]
[Round "3.52"]
[Board "1"]
[White "Ptacnikova, Lenka"]
[Black "Vilhete, Vania Fausto Da T."]
[Result "1-0"]
[WhiteElo "2065"]
[BlackElo "1877"]
[PlyCount "115"]
[EventDate "2024.09.11"]
[WhiteTeam "Iceland"]
[BlackTeam "Mozambique"]
[WhiteTeamCountry "ISL"]
[BlackTeamCountry "MOZ"]

1. d4 d5 2. Nf3 e6 3. g3 Nf6 4. Bg2 Be7 5. O-O c5 6. c4 Nc6 7. cxd5 exd5 8. dxc5 Bxc5 9. Bg5 Be7 10. Nc3 O-O 11. Bxf6 Bxf6 12. Qxd5 Qxd5 13. Nxd5 Bxb2 14. Rab1 Ba3 15. Nd2 Rb8 16. Rb3 Bd6 17. Ne4 Rd8 18. Nxd6 $146 ({RR} 18. Rd1 Bf8 19. e3 Be6 20. Ng5 Nb4 21. Nxe6 fxe6 22. Nc3 b6 23. Rdb1 Na6 24. Nb5 Nc5 25. R3b2 a6 26. Nd4 Na4 27. Rc2 Rd6 28. Rc4 Nc5 29. Rbc1 Rbd8 30. h4 g6 31. Bf3 Bg7 32. Nc6 R8d7 {1-0 Schulze,U (2324)-Mir Wais,M (1967) Muensterland op 27th 2009 (1)}) 18... Rxd6 19. Rd3 Kf8 20. Rfd1 Be6 21. Nf4 Rxd3 22. Nxe6+ fxe6 23. Rxd3 Ke7 24. Ra3 Ra8 25. Rb3 Nd8 26. Bxb7 Rb8 27. Bd5 Rxb3 28. Bxb3 Nc6 29. f4 Kd6 30. Kf2 e5 31. Ke3 Ne7 32. Ke4 Ng6 33. Bg8 exf4 34. gxf4 h6 35. Bb3 Ne7 36. e3 Nc6 37. Kf5 Ne7+ 38. Ke4 Nc6 39. Kd3 Ne7 40. e4 Kc5 41. e5 g6 42. Ke4 Kc6 43. Bf7 Kd7 44. Bc4 Nf5 45. Bf1 Ke7 46. Bh3 Ng7 47. Bg4 Ne6 48. Bxe6 Kxe6 49. h3 a6 50. a3 a5 51. a4 h5 52. h4 Kf7 53. Kd5 Ke7 54. e6 Ke8 55. Kd6 Kd8 56. e7+ Ke8 57. Ke6 g5 58. f5 1-0

[Event "Olympiad Women 2024"]
[Site "Budapest HUN"]
[Date "2024.09.13"]
[Round "3.52"]
[Board "2"]
[White "Efentakis, Katina"]
[Black "Thorsteinsdottir, Hallgerdur"]
[Result "0-1"]
[WhiteElo "1650"]
[BlackElo "1938"]
[PlyCount "72"]
[EventDate "2024.09.11"]
[WhiteTeam "Mozambique"]
[BlackTeam "Iceland"]
[WhiteTeamCountry "MOZ"]
[BlackTeamCountry "ISL"]

1. e4 c6 2. Nf3 d5 3. exd5 cxd5 4. d4 Nf6 5. Bd3 Bg4 6. c3 e6 7. Nbd2 Nc6 8. O-O Bd6 9. Re1 Qc7 10. Qa4 O-O 11. h3 Bh5 12. Qc2 ({RR} 12. Re2 a6 13. Qd1 b5 14. g4 Bg6 15. Bxg6 hxg6 16. Kg2 e5 17. dxe5 Nxe5 18. Nxe5 Bxe5 19. Nf3 Bf4 20. Bxf4 Qxf4 21. Qd4 Qd6 22. Rae1 Rac8 23. Ne5 Rc7 24. f3 Nd7 25. Nxd7 Qxd7 26. Re5 Rd8 {1-0 Prieto Aranguren,A (2262)-Sernecki,F (2272) Titled Tuesday intern op 03rd May Late blitz 2022 (10)}) 12... Rfc8 13. Be2 $146 ({RR} 13. a3 Rab8 14. g4 Bg6 15. Bxg6 hxg6 16. Kg2 b5 17. Qd3 a5 18. Ng5 b4 19. axb4 axb4 20. Ndf3 bxc3 21. bxc3 Rb3 22. Nxf7 Qxf7 23. Ng5 Qd7 24. Rxe6 Nd8 25. Re1 Nf7 26. Qxg6 Nxg5 27. Bxg5 Ne4 {0-1 Olsen,C (2110)-Danielsen,H (2375) Politiken Cup 12th 1990 (7)}) 13... a6 14. Qd1 b5 15. Ne5 Bxe2 16. Qxe2 b4 17. Nxc6 Qxc6 18. cxb4 Bxb4 19. a3 Bd6 20. b4 Qc3 21. Nf3 Qxa1 22. Bf4 Qxe1+ 23. Nxe1 Bxf4 24. Nd3 Bd6 25. Nc5 Bxc5 26. bxc5 Ne4 27. Qc2 Rc6 28. f3 Ng3 29. Kh2 Nf5 30. Qd3 Rac8 31. f4 f6 32. g4 Nxd4 33. Qxd4 Rxc5 34. Qd3 Rc2+ 35. Kg1 Rc1+ 36. Kf2 R8c2+ 0-1

[Event "Olympiad Women 2024"]
[Site "Budapest HUN"]
[Date "2024.09.13"]
[Round "3.52"]
[Board "3"]
[White "Helgadottir, Idunn"]
[Black "Castro, Neusa Aridas De"]
[Result "1/2-1/2"]
[WhiteElo "1837"]
[BlackElo "1684"]
[PlyCount "143"]
[EventDate "2024.09.11"]
[WhiteTeam "Iceland"]
[BlackTeam "Mozambique"]
[WhiteTeamCountry "ISL"]
[BlackTeamCountry "MOZ"]

1. e4 e6 2. d4 d5 3. e5 c5 4. c3 Qb6 5. Nf3 Bd7 6. Bd3 Bb5 7. O-O Bxd3 8. Qxd3 Nc6 9. dxc5 Bxc5 10. b4 Bf8 11. Nbd2 ({RR} 11. a4 Nge7 12. b5 Na5 13. h4 h5 14. Re1 Nf5 15. Bg5 Bc5 16. Ra2 Nc4 17. Rae2 a6 18. bxa6 Qxa6 19. Nbd2 Nxd2 20. Qxd2 Qxa4 21. Rb1 b6 22. Kh2 Qc4 23. g3 Ra3 24. Rc1 Kd7 25. Ne1 Rha8 {0-1 Erigaisi,A (2627)-Maghsoodloo,P (2706) Tata Steel India Blitz 2021 (12)}) ({RR} 11. Be3 Qc7 12. Nbd2 Nge7 13. Bf4 Ng6 14. Bg3 a6 15. Rfe1 Be7 16. h4 h5 17. a4 O-O 18. Rac1 Rfd8 19. Ng5 Bxg5 20. hxg5 Nge7 21. Qf3 g6 22. Bf4 Nf5 23. g4 hxg4 24. Qxg4 Kg7 25. Nf1 Rh8 {0-1 Pahomov,R (2191)-Nilsen,T (2203) Titled Tue 30th Jul Early 2024 (7)}) 11... Nge7 12. Nb3 Ng6 13. Re1 Be7 $146 ({RR} 13... Rc8 14. b5 Na5 15. Be3 Qc7 16. Bd4 Nc4 17. g3 b6 18. h4 h5 19. Re2 Ne7 20. a4 Nf5 21. Kg2 Be7 22. Kh3 Qd8 23. Rea2 g5 24. hxg5 Bxg5 25. a5 h4 26. g4 Nh6 27. axb6 axb6 28. Ra7 {1-0 Badmatsyrenov,A (2236)-Burtoin,B Buryatia-ch Ulan-Ude 2012 (1)}) 14. Nbd4 Rc8 15. Bd2 O-O 16. a4 Qc7 17. Qe2 Bd8 18. Nb5 Qd7 19. Nd6 Rb8 20. Nb5 a6 21. Nbd4 Rc8 22. Rec1 Bb6 23. b5 Nxd4 24. cxd4 axb5 25. axb5 Ne7 26. Bb4 Rfe8 27. Qd3 Ng6 28. g3 Ra8 29. Bc5 Rxa1 30. Rxa1 Qc7 31. Qe3 Rc8 32. Rc1 Ra8 33. Bd6 Qd7 34. Qc3 h6 35. Qb4 Ra5 36. Rb1 Ra8 37. h4 Bd8 38. h5 Ne7 39. b6 Nc6 40. Qc3 Qc8 41. Nd2 Ra6 42. Bc5 Ne7 43. Qb4 Nc6 44. Qc3 Nb8 45. Qb2 Nd7 46. Qb5 Bxb6 47. Nb3 Bxc5 48. Nxc5 Rb6 49. Qd3 Nxc5 50. dxc5 Rc6 51. Qb5 Rxc5 52. Qxb7 Qxb7 53. Rxb7 g6 54. hxg6 fxg6 55. Re7 Rc6 56. g4 Kf8 57. Rd7 Kg8 58. f3 g5 59. Kf2 Rb6 60. Ke3 Rb1 61. Ke2 Kf8 62. Kd2 Rh1 63. Rh7 Rh2+ 64. Kd3 Rh3 65. Ke3 Kg8 66. Re7 d4+ 67. Ke4 d3 68. Rd7 Rh1 69. Rxd3 Rc1 70. Rd8+ Kf7 71. Rd7+ Kg8 72. Rd8+ 1/2-1/2

[Event "Olympiad Women 2024"]
[Site "Budapest HUN"]
[Date "2024.09.13"]
[Round "3.52"]
[Board "4"]
[White "Sandramo, Chineva Rufino"]
[Black "Briem, Gudrun Fanney"]
[Result "1-0"]
[WhiteElo "1524"]
[BlackElo "1764"]
[PlyCount "55"]
[EventDate "2024.09.11"]
[WhiteTeam "Mozambique"]
[BlackTeam "Iceland"]
[WhiteTeamCountry "MOZ"]
[BlackTeamCountry "ISL"]

1. e4 c6 2. d4 d5 3. exd5 cxd5 4. Nf3 Nf6 5. Bd3 Nc6 6. c3 Bg4 7. Nbd2 e6 8. O-O Bd6 9. Re1 O-O 10. Nf1 Re8 ({RR} 10... Qc7 11. h3 Bh5 12. Bg5 Nd7 13. Bh4 Rab8 14. Bxh7+ Kxh7 15. Ng5+ Kh6 16. Qd3 Bg6 17. Qd2 Bf4 18. Ne3 Nf6 19. g3 Bxg5 20. Bxg5+ Kh7 21. Bxf6 gxf6 22. Ng4 Qe7 23. h4 Kg8 24. Qh6 f5 25. h5 {0-1 Bacrot,E (2697)-Ivanisevic,I (2653) Wch Blitz 9th 2015 (16)}) ({RR} 10... Qc7 11. Ng3 e5 12. dxe5 Nxe5 13. Be2 Bxf3 14. Bxf3 Nxf3+ 15. Qxf3 Bxg3 16. Qxg3 Qxg3 17. hxg3 Rfe8 18. Be3 a6 19. f3 Re6 20. Kf2 Rae8 21. Rad1 h5 22. a4 g6 23. Rd3 Re5 24. Re2 Rf5 25. Bd4 {1-0 Kuzubov,Y (2605)-Lizak,P (2414) Titled Tue 9th Jan Late 2024 (7)}) 11. Bg5 h6 12. Bh4 Rb8 $146 ({RR} 12... e5 13. dxe5 Nxe5 14. Be2 Ng6 15. Bxf6 Qxf6 16. Nd4 Bxe2 17. Rxe2 Nf4 18. Rxe8+ Rxe8 19. Ne3 Bc5 20. Ndc2 Qb6 21. b4 Bxe3 22. Nxe3 Qc6 23. Qf3 Qxc3 24. Rd1 d4 25. Qxf4 dxe3 26. fxe3 g5 {½-½ Kosic,D (2507)-Koons,N (2289) Budapest FS05 GM 2007 (7)}) ({RR} 12... e5 13. dxe5 Nxe5 14. Be2 Nxf3+ 15. Bxf3 Rxe1 16. Qxe1 Bxf3 17. gxf3 Bf8 18. Qd2 Qb6 19. Bxf6 Qxf6 20. Qxd5 Qb6 21. Qd2 Rd8 22. Qe2 a5 23. Ng3 a4 24. a3 Rd5 25. Rc1 Qd8 26. Rc2 h5 27. Ne4 {½-½ Golubov,S (2490)-Peralta,F (2574) Sitges Sunway op 3rd 2016 (8)}) 13. h3 Bxf3 14. Qxf3 Be7 15. Rad1 b5 16. Nh2 b4 17. Ng4 Nxg4 18. Bxe7 Qxe7 19. Qxg4 bxc3 20. bxc3 Rb2 21. a4 Qf6 22. Qg3 Ne7 23. Rb1 Rxb1 24. Rxb1 g6 25. Rb8 Rxb8 26. Qxb8+ Kg7 27. Qxa7 Nf5 28. Qb8 1-0

[Event "Olympiad Women 2024"]
[Site "Budapest HUN"]
[Date "2024.09.13"]
[Round "3.53"]
[Board "1"]
[White "Karelina, Polina"]
[Black "Shohradova, Lala"]
[Result "0-1"]
[WhiteElo "1898"]
[BlackElo "2030"]
[PlyCount "112"]
[EventDate "2024.09.11"]
[WhiteTeam "Bahamas"]
[BlackTeam "Turkmenistan"]
[WhiteTeamCountry "BAH"]
[BlackTeamCountry "TKM"]

1. e4 e6 2. d3 d5 3. Nd2 Nf6 4. Ngf3 c5 5. g3 g6 6. Bg2 Bg7 7. O-O O-O 8. Qe2 Nc6 9. c3 a5 ({RR} 9... b6 10. e5 Nd7 11. d4 a5 12. Rd1 Ba6 13. Qe3 cxd4 14. Nxd4 Ndxe5 15. Nxc6 Nxc6 16. Nf3 Qe7 17. Qxb6 Rfc8 18. Bg5 Qa7 19. Qxa7 Rxa7 20. Rac1 Rb7 21. b3 a4 22. b4 a3 23. Bf1 Bxf1 24. Kxf1 {0-1 Lach,A (2300)-Gutierrez Olivares,D (2354) Titled Tue 11th Jun Early 2024 (6)}) 10. a4 b6 11. Re1 $146 ({RR} 11. Rd1 Ba6 12. Ne1 Qc7 13. f4 dxe4 14. Nxe4 Rad8 15. Nc2 Rd7 16. Na3 {½-½ Roos,M (2360)-Liedtke,M (2297) BL2-Ost 1213 2012 (2.8)}) ({RR} 11. Ne1 e5 12. exd5 Nxd5 13. Nc4 Re8 14. Bxd5 Qxd5 15. Nxb6 Qd6 16. Nxa8 Qb8 17. Ng2 Qxa8 18. f3 Ba6 19. Rd1 f5 20. Qf2 e4 21. dxe4 fxe4 22. f4 e3 23. Bxe3 Nd4 24. cxd4 cxd4 25. h4 dxe3 {1-0 Buenafe Moya,J (2312)-Mingarro Carceller,S (2101) Valencia-ch 2012 (5)}) 11... Ba6 12. h4 dxe4 13. Nxe4 Qxd3 14. Qxd3 Bxd3 15. Nxf6+ Bxf6 16. Bh6 Rfd8 17. Ng5 Rac8 18. Nxe6 fxe6 19. Rxe6 Ne5 20. Rxf6 Ng4 21. Bg5 Nxf6 22. Bxf6 Rd7 23. Bg5 Bc2 24. Bh3 Bf5 25. Bf1 Kg7 26. Bb5 Rf7 27. Rd1 h6 28. Be3 Bg4 29. Rd6 Rb8 30. Bd3 Bf5 31. Bb5 Rff8 32. Bf4 Rfd8 33. Be5+ Kh7 34. Rf6 Rf8 35. Rc6 Rb7 36. Rd6 g5 37. hxg5 hxg5 38. Bc6 Re7 39. Bf6 Re1+ 40. Kg2 g4 41. Bg5 Re6 42. Rxe6 Bxe6 43. Kf1 Kg6 44. Be3 Rc8 45. Bb5 Rd8 46. Be2 Kf5 47. c4 Rh8 48. Bd3+ Ke5 49. Ke2 Bf5 50. Bf4+ Kf6 51. Bc7 Re8+ 52. Kd2 Bxd3 53. Kxd3 Re6 54. Kd2 Kf5 55. Bf4 Ke4 56. Kc2 Kf3 0-1

[Event "Olympiad Women 2024"]
[Site "Budapest HUN"]
[Date "2024.09.13"]
[Round "3.53"]
[Board "2"]
[White "Agajanova, Meryem"]
[Black "Thomas, Nelissa"]
[Result "1-0"]
[WhiteElo "2007"]
[BlackElo "1631"]
[PlyCount "69"]
[EventDate "2024.09.11"]
[WhiteTeam "Turkmenistan"]
[BlackTeam "Bahamas"]
[WhiteTeamCountry "TKM"]
[BlackTeamCountry "BAH"]

1. d4 d5 2. c4 c6 3. Nc3 Nf6 4. Nf3 a6 5. e3 b5 6. b3 Bf5 7. Bd3 Bxd3 8. Qxd3 e6 9. O-O Nbd7 ({RR} 9... Be7 10. e4 dxe4 11. Nxe4 Nbd7 12. Bf4 O-O 13. Rfd1 Qa5 14. Nxf6+ Bxf6 15. Bd6 Rfd8 16. c5 Nf8 17. Ne5 Bxe5 18. dxe5 Ng6 19. Qe4 Rac8 20. h4 Rd7 21. h5 Ne7 22. h6 gxh6 23. Bxe7 Rxe7 24. Rd3 {1-0 Bacrot,E (2730)-Ivanchuk,V (2733) Cap d'Agde Karpov KO 2nd rapid 2013 (1.1)}) 10. Rd1 ({RR} 10. a3 Be7 {½-½ Jirousek,J (2141)-Dolezal,R (2365) TCh-CZE 1 Liga Zapad 2022 (10.1)}) 10... Bd6 $146 ({RR} 10... Be7 11. Bb2 O-O 12. Rac1 Qb6 13. Qe2 Rfd8 14. Rc2 Rac8 15. a3 Qb7 16. c5 Bf8 17. b4 g6 18. Ne5 Bg7 19. f4 Ne4 20. g4 Nxc3 21. Bxc3 f6 22. Nf3 Qc7 23. g5 {½-½ Lapiccirella,M (2187)-Frilli,G (2071) Bratto op 23rd 2003 (8)}) ({RR} 10... Be7 11. Bb2 O-O 12. Nd2 Qe8 13. Rab1 Bd6 14. g3 e5 15. cxd5 cxd5 16. dxe5 Nxe5 17. Qf5 b4 18. Ne2 Qc8 19. Qxc8 Raxc8 20. Kg2 Rc5 21. Nf3 Ned7 22. Nfd4 Be5 23. Rbc1 Ra5 24. Rc2 Rc5 25. Rxc5 {½-½ Porat,I (2379)-Kozlov,G (2258) Pardubice Chladek&Tintera op-A 19th 2008 (6)}) 11. e4 dxe4 12. Nxe4 Be7 13. Bf4 O-O 14. Rac1 Qb6 15. Rc2 Rfd8 16. cxb5 axb5 17. Rdc1 Rac8 18. Bd6 Nd5 19. Bxe7 Nxe7 20. Nd6 Rb8 21. Ng5 f5 22. Nxe6 Ne5 23. dxe5 Rd7 24. Nxg7 Nd5 25. Rxc6 Nb4 26. Rxb6 Nxd3 27. Rxb8+ Kxg7 28. Rd1 Nxe5 29. Nxf5+ Kg6 30. Rxd7 Nxd7 31. Rxb5 Kf6 32. a4 Ne5 33. a5 Nd7 34. a6 Ke6 35. a7 1-0

[Event "Olympiad Women 2024"]
[Site "Budapest HUN"]
[Date "2024.09.13"]
[Round "3.53"]
[Board "3"]
[White "Johnson, Daijah"]
[Black "Rejepova, Jahan"]
[Result "0-1"]
[WhiteElo "1625"]
[BlackElo "1915"]
[PlyCount "84"]
[EventDate "2024.09.11"]
[WhiteTeam "Bahamas"]
[BlackTeam "Turkmenistan"]
[WhiteTeamCountry "BAH"]
[BlackTeamCountry "TKM"]

1. d4 d5 2. c4 e6 3. Nc3 Nf6 4. Nf3 Be7 5. Bg5 h6 6. Bxf6 Bxf6 7. e3 O-O 8. Bd3 c5 9. O-O cxd4 10. exd4 dxc4 ({RR} 10... Nc6) 11. Bxc4 Nc6 12. Ne2 b6 13. Qd2 $146 ({RR} 13. Qd3 Bb7 14. Rad1 Qc7 15. a3 Rad8 16. Ba2 Ne7 17. Bb1 g6 18. Qe3 Bg7 19. Ne5 Nf5 20. Bxf5 exf5 21. Nf4 Rfe8 22. Rfe1 Bxe5 23. dxe5 Rxd1 24. Rxd1 Qxe5 25. Qxe5 Rxe5 26. h4 Re4 27. g3 Rc4 {½-½ Vacek,R (2116)-Neckar,L (2314) Czechia KP-chTA 0607 2006 (2.1)}) ({RR} 13. a3 Bb7 14. b4 Qd6 15. Qd3 Rad8 16. Rad1 Ne7 17. Ba2 Nf5 18. Bb1 Bxf3 19. Qxf3 Nxd4 20. Qe4 g6 21. Nxd4 Bxd4 22. Rd3 Kg7 23. h4 h5 24. Rfd1 e5 25. R1d2 f5 26. Qe2 Qf6 27. Rh3 Rf7 {0-1 Shabanaj,E (1996)-Savanovic,A (2405) Mediterranean-ch 11th 2021 (1)}) 13... Bb7 14. b3 Ne7 15. Rad1 Nd5 16. Bxd5 Bxd5 17. Ne5 Qd6 18. Nc3 Bb7 19. Ng4 Be7 20. f3 Rfd8 21. Ne4 Bxe4 22. fxe4 Qxd4+ 23. Qxd4 Rxd4 24. Rxd4 Bc5 25. Rfd1 Rd8 26. Kf1 Rxd4 27. Rxd4 Bxd4 28. h3 Kf8 29. Ke2 f6 30. Nh2 Ke7 31. Kd3 Bc5 32. Nf1 Kd6 33. Nd2 Ke5 34. g3 f5 35. exf5 exf5 36. Kc4 Be3 37. Nf1 Ke4 38. Kb5 Kf3 39. g4 f4 40. Kc4 Kg2 41. Nxe3+ fxe3 42. Kd3 Kf2 0-1

[Event "Olympiad Women 2024"]
[Site "Budapest HUN"]
[Date "2024.09.13"]
[Round "3.53"]
[Board "4"]
[White "Arazmedova, Enesh"]
[Black "Pride, Chika"]
[Result "1-0"]
[WhiteElo "1761"]
[BlackElo "1587"]
[PlyCount "121"]
[EventDate "2024.09.11"]
[WhiteTeam "Turkmenistan"]
[BlackTeam "Bahamas"]
[WhiteTeamCountry "TKM"]
[BlackTeamCountry "BAH"]

1. e4 d6 2. d4 Nf6 3. Nc3 e5 4. dxe5 dxe5 5. Qxd8+ Kxd8 6. Bg5 Be7 7. O-O-O+ Ke8 ({RR} 7... Nbd7 8. Bh4 Ne8 9. Bg3 Bd6 10. Nd5 c6 11. Ne3 f6 12. Nf5 Bc7 13. Ne2 g6 14. Ne3 Ke7 15. Nc3 Nb6 16. Bd3 Be6 17. h4 Ng7 18. Bh2 Nh5 19. g3 Bd6 20. Rde1 {½-½ Miladinovic,I (2571)-Damljanovic,B (2579) MNT-chT Herceg Novi 2008 (1)}) ({RR} 7... Nbd7 8. f4 Ng4 9. Bxe7+ Kxe7 10. Nh3 exf4 11. Nd5+ Kd8 12. Ndxf4 c6 13. Be2 Nge5 14. Rhf1 Ke7 15. Nd3 a5 16. Nhf4 a4 17. a3 Nc4 18. Rf3 Nde5 19. Rg3 g6 20. Nb4 Be6 21. Rc3 Nd6 22. Bf3 {1-0 Kopczynski,M (2225)-Leto,E (2124) Titled Tue 30th Jan Early 2024 (10)}) 8. Nf3 Nbd7 9. Bh4 a6 10. a4 $146 ({RR} 10. Be2 Bd6 {½-½ Damjanovic,M (2314)-Grdinic,Z (2274) CRO-chT3A Center 2010 (2.31)}) ({RR} 10. Bc4 Bd6 11. Ng5 Rf8 12. f4 exf4 13. e5 Nxe5 14. Rhe1 Bf5 15. Nf3 Nfg4 16. Nd5 Be6 17. Bb3 Nxf3 18. gxf3 Ne3 19. Nxe3 fxe3 20. Bg3 Bxg3 21. hxg3 Rd8 22. Rxe3 Rxd1+ 23. Kxd1 Ke7 24. f4 Kf6 {0-1 Zakharov,A (2427)-Pribyl,J (2367) EU-chT Seniors 10th 2008 (5.3)}) 10... Bd6 11. Nd2 b6 12. f3 Bb7 13. Bc4 c6 14. Bb3 b5 15. Rhe1 Nc5 16. Kb1 Bc8 17. Ba2 Nxa4 18. Nxa4 bxa4 19. Nc4 Bc7 20. Nd6+ Ke7 21. Nxf7 Rf8 22. Ng5 h6 23. Nh7 Rh8 24. Nxf6 gxf6 25. Bf2 Bd6 26. Rd3 Be6 27. Red1 Bxa2+ 28. Kxa2 Rhd8 29. Rxd6 Rxd6 30. Bc5 Rad8 31. Ka3 Ke6 32. Rxd6+ Rxd6 33. Bxd6 Kxd6 34. Kxa4 Kc7 35. Kb4 Kb6 36. g3 c5+ 37. Kc4 Kc6 38. f4 exf4 39. gxf4 a5 40. e5 f5 41. e6 Kd6 42. e7 Kxe7 43. Kxc5 Ke6 44. Kc6 a4 45. c4 h5 46. c5 Ke7 47. Kb7 Kd7 48. c6+ Kd6 49. c7 Kd5 50. c8=Q Ke4 51. Qc4+ Kf3 52. Kc6 Kg2 53. Qe2+ Kg1 54. Kd5 h4 55. Kd4 h3 56. Ke3 a3 57. Kf3 a2 58. Qe1+ Kxh2 59. Qg3+ Kh1 60. Qxh3+ Kg1 61. Qg2# 1-0

[Event "Olympiad Women 2024"]
[Site "Budapest HUN"]
[Date "2024.09.13"]
[Round "3.54"]
[Board "1"]
[White "Timergazi, Layla"]
[Black "Lyons, Kieran"]
[Result "1-0"]
[WhiteElo "1979"]
[BlackElo "1818"]
[PlyCount "63"]
[EventDate "2024.09.11"]
[WhiteTeam "New Zealand"]
[BlackTeam "Fiji"]
[WhiteTeamCountry "NZL"]
[BlackTeamCountry "FIJ"]

1. d4 f5 2. c4 Nf6 3. Nf3 e6 4. g3 b6 5. Bg2 Bb7 6. Nc3 Bb4 7. O-O Bxc3 8. bxc3 Ne4 ({RR} 8... O-O 9. d5 Ne4 10. dxe6 dxe6 11. Qxd8 Rxd8 12. Ng5 Re8 13. Nxe4 Bxe4 14. Bxe4 fxe4 15. c5 Nc6 16. Rd1 Rad8 17. Bg5 Rxd1+ 18. Rxd1 h6 19. Be3 Kf7 20. Rb1 e5 21. Kf1 Ke6 22. Ke1 Kd5 23. Kd1 {0-1 Ajrapetjan,Y (2531)-Ponomariov,R (2726) UKR-chT qual. group 1 16th 2009 (2)}) 9. Qd3 ({RR} 9. Qb3 Nc6 10. Nd2 Na5 11. Qb4 c5 12. dxc5 bxc5 13. Qa3 Nxd2 14. Bxb7 Nxf1 15. Bxa8 Qxa8 16. Qxa5 h5 17. Bg5 h4 18. Qxc5 Kf7 19. Rxf1 h3 20. f3 {1-0 Ansh,M (2112)-Lauridsen,J (2215) Titled Tuesday intern op 11th Jan blitz 2022 (5)}) 9... Nc6 10. Ba3 d6 $146 ({RR} 10... Ba6 11. Ne5 Na5 12. Bxe4 fxe4 13. Qxe4 Bb7 14. d5 Qf6 15. Bb4 O-O-O 16. Ng4 exd5 17. cxd5 Qf7 18. Ne3 Rde8 19. Qd4 c5 20. Bxc5 bxc5 21. Qxc5+ Nc6 22. dxc6 Bxc6 23. Rab1 Qe6 24. Qxa7 Kd8 25. Qa5+ {1-0 Ledfuss,G (1965)-Konik,M (1997) Regionalliga NW 9899 1998 (5.3)}) 11. d5 Na5 12. dxe6 Qf6 13. Nd4 Rc8 14. f3 Nc5 15. Bxc5 dxc5 16. Nxf5 O-O 17. e7 Rfe8 18. Bh3 Rb8 19. Rad1 g6 20. Nh6+ Kg7 21. Ng4 Qxe7 22. e4 Rbd8 23. Qe3 Nxc4 24. Qh6+ Kh8 25. Rfe1 Qg7 26. Qg5 Rxd1 27. Rxd1 Qxc3 28. Bf1 Qxf3 29. Rd8 Rf8 30. Rxf8+ Qxf8 31. Bxc4 Qd6 32. Qf6+ 1-0

[Event "Olympiad Women 2024"]
[Site "Budapest HUN"]
[Date "2024.09.13"]
[Round "3.54"]
[Board "2"]
[White "Sukhu, Gloria"]
[Black "Ning, Isabelle Yixuan"]
[Result "0-1"]
[WhiteElo "1634"]
[BlackElo "1915"]
[PlyCount "82"]
[EventDate "2024.09.11"]
[WhiteTeam "Fiji"]
[BlackTeam "New Zealand"]
[WhiteTeamCountry "FIJ"]
[BlackTeamCountry "NZL"]

1. Nf3 Nf6 2. g3 g6 3. Bg2 Bg7 4. O-O O-O 5. c4 d6 6. Nc3 c5 7. Qc2 ({RR} 7. Ne1 Nc6 8. Nc2 Bd7 9. Rb1 Rb8 10. b4 cxb4 11. Nxb4 Qa5 12. Nc2 a6 13. Bb2 b5 14. cxb5 axb5 15. a3 Rfc8 16. Na2 Ne8 17. d4 Qa7 18. e4 e5 19. d5 Na5 20. Nab4 Nc4 21. Bc1 Nf6 {½-½ Mirumian,V (2506)-Markin,D (2405) Pardubice Czech op-A 2009 (8)}) 7... Nc6 8. e3 ({RR} 8. a3 a6 9. b3 Na5 10. Rb1 Rb8 11. d3 Bd7 12. Bd2 Qc7 13. e4 Nc6 14. Nd5 Nxd5 15. exd5 Nd4 16. Nxd4 cxd4 17. Rfe1 e5 18. dxe6 Bxe6 19. Bf4 Be5 20. Qd2 Rfe8 21. Rbc1 Bf5 22. Be4 Qd7 {½-½ Russakis,A (1529)-Edelmann,O (1769) Landesliga Sued U20 1819 2018 (4.3)}) 8... Bf5 $146 ({RR} 8... e5 9. d3 h6 10. a3 Be6 11. Rb1 a5 12. Bd2 Rc8 13. b3 Qd7 14. Rfd1 Bh3 15. Bh1 Bg4 16. Re1 Rfe8 17. e4 b6 18. Ne2 Kh7 19. Be3 Rf8 20. Nd2 Be6 21. f4 Ng4 22. Bf2 Nxf2 23. Kxf2 {0-1 Banfelder,H (1641)-Achenbach,M (2084) Bayern-ch Seniors 17th 2005 (1)}) 9. e4 Bg4 10. d3 Qd7 11. Ne2 Ne8 12. Rb1 Nc7 13. a3 a5 14. Be3 f5 15. Nf4 fxe4 16. dxe4 e5 17. Nd5 Nxd5 18. cxd5 Bxf3 19. dxc6 Qxc6 20. Bxf3 Rxf3 21. Kg2 Raf8 22. Qc4+ Kh8 23. Rbd1 h6 24. Rd5 R3f6 25. a4 Rb8 26. Rfd1 Bf8 27. f3 b5 28. Qc1 Kh7 29. Bxc5 dxc5 30. Rd8 Rxd8 31. Rxd8 Rxf3 32. Rd5 Rf7 33. b3 bxa4 34. Qc2 Qb5 35. Rd1 axb3 36. Qb2 a4 37. g4 a3 38. Qd2 b2 39. Rb1 a2 40. Qd5 Qe2+ 41. Kg1 axb1=Q+ 0-1

[Event "Olympiad Women 2024"]
[Site "Budapest HUN"]
[Date "2024.09.13"]
[Round "3.54"]
[Board "3"]
[White "Chang, Yolanda"]
[Black "Terubea, Cydel"]
[Result "1-0"]
[WhiteElo "1908"]
[BlackElo "1681"]
[PlyCount "59"]
[EventDate "2024.09.11"]
[WhiteTeam "New Zealand"]
[BlackTeam "Fiji"]
[WhiteTeamCountry "NZL"]
[BlackTeamCountry "FIJ"]

1. e4 d5 2. exd5 Qxd5 3. Nc3 Qd8 4. d4 e6 5. Nf3 Nf6 6. Bc4 c6 7. a4 ({RR} 7. O-O Be7 8. Re1 O-O 9. Bb3 h6 10. Ne5 Na6 11. Qd3 Nh7 12. Bf4 Bg5 13. Bg3 Nb4 14. Qc4 Nd5 15. Rad1 h5 16. h3 Nhf6 17. Qd3 Nxc3 18. Qxc3 Nd5 19. Qf3 h4 20. Bh2 Qf6 21. c4 Ne7 {1-0 Georgiev,K (2480)-Lekkas,E Peristeri 1991 (5)}) ({RR} 7. O-O Be7 8. Qe2 O-O 9. Rd1 Nbd7 10. a4 Nb6 11. Ba2 Nbd5 12. Nb1 b6 13. Ne5 Bb7 14. c4 Nb4 15. Bb3 a5 16. Nc3 Qc8 17. Bg5 h6 18. Bh4 Re8 19. Rac1 Nd7 20. Bxe7 Rxe7 21. Ne4 Nxe5 {1-0 Marrujo Pardo,M (2337)-Casas,N (1845) 53rd Mar Del Plata Open 2024 (1.10)}) 7... a5 $146 ({RR} 7... Nbd7 8. O-O Bd6 9. Bg5 Qc7 10. Qe2 O-O 11. Ne4 Nd5 12. Nxd6 Qxd6 13. Rfe1 N7f6 14. Ne5 c5 15. Rad1 b6 16. Qf3 Rb8 17. dxc5 Qxc5 18. Qb3 h6 19. Bh4 Rb7 20. Rd3 Rc7 21. Bxf6 Nxf6 22. Rc3 {0-1 Prigge,D (1555)-Wienen,J (1691) Muensterland Verbandsklasse-A 0304 2003 (3.8)}) ({RR} 7... Bd6 8. O-O O-O 9. Bg5 h6 10. Bh4 Nbd7 11. Re1 Qc7 12. Ne2 Re8 13. Ng3 e5 14. Qd2 e4 15. Ne5 Bxe5 16. dxe5 Nxe5 17. Bxf6 Nxc4 18. Qc3 gxf6 19. Qxc4 f5 20. f3 Be6 21. Qc3 {½-½ Rasheva,N (1126)-Yordanova,K (1554) Pleven op 3rd 2016 (2)}) 8. O-O Be7 9. Qe2 O-O 10. Be3 Nbd7 11. Rad1 Qc7 12. Rfe1 Re8 13. Bc1 Bb4 14. Rd3 Nf8 15. Ne5 Bd6 16. Rf3 Bxe5 17. dxe5 N6d7 18. Bf4 Ng6 19. Bg3 Qd8 20. Rd1 Qe7 21. h4 Nxh4 22. Bxh4 Qxh4 23. Rh3 Qg5 24. Rh5 Qe7 25. Ne4 Nf8 26. Qg4 Kh8 27. Nd6 Rd8 28. Nxf7+ Qxf7 29. Rxd8 Qe7 30. Qh4 1-0

[Event "Olympiad Women 2024"]
[Site "Budapest HUN"]
[Date "2024.09.13"]
[Round "3.54"]
[Board "4"]
[White "Prasad, Tanvi"]
[Black "Braganza, Nadia"]
[Result "0-1"]
[WhiteElo "1564"]
[BlackElo "1892"]
[PlyCount "56"]
[EventDate "2024.09.11"]
[WhiteTeam "Fiji"]
[BlackTeam "New Zealand"]
[WhiteTeamCountry "FIJ"]
[BlackTeamCountry "NZL"]

1. b3 d5 2. Bb2 e6 3. e3 Nf6 4. Nf3 Be7 5. c4 O-O 6. Nc3 c5 7. d4 b6 ({RR} 7... cxd4 8. Nxd4 dxc4 9. Bxc4 Bd7 10. O-O Nc6 11. Nf3 Rc8 12. Rc1 Qa5 13. Qe2 Rfd8 14. a3 Be8 15. Nb5 a6 16. b4 Qb6 17. Nc3 Qc7 18. Bd3 Qb8 19. Rfd1 Ng4 20. Bb1 Nge5 21. Nd2 Ng6 22. Nde4 {½-½ Vidit,S (2689)-Cheparinov,I (2689) Wch Rapid Doha 2016 (9)}) 8. Be2 ({RR} 8. dxc5 bxc5 9. cxd5 exd5 10. Bd3 Bb7 11. O-O Nbd7 12. Rc1 Rc8 13. Bf5 Qa5 14. Bxd7 Nxd7 15. Nxd5 Bd8 16. Bc3 Qa6 17. Nf4 Nf6 18. Ne5 Re8 19. Nc4 Ne4 20. Bb2 Bc7 21. Qg4 g6 22. Rfd1 Rcd8 {1-0 Adewumi,T (2351)-Belov,A (2421) Titled Tue 30th Apr Early 2024 (10)}) 8... Bb7 9. Qc2 $146 ({RR} 9. h3 Nbd7 10. Qc2 Rc8 11. Nb5 a6 12. Nc3 Bd6 13. g4 cxd4 14. exd4 dxc4 15. bxc4 Bxf3 16. Bxf3 Rxc4 17. Qd3 Qc7 18. Rc1 Bb4 19. a3 Bxc3+ 20. Rxc3 Rxc3 21. Qxc3 Qxc3+ 22. Bxc3 Nd5 23. Bxd5 exd5 {1-0 Milfort,V (1350)-Sichrovsky,T (1470) CZE-ch Juniors op 2020 (5)}) 9... Nc6 10. O-O cxd4 11. cxd5 Nb4 12. Qd2 dxc3 13. Bxc3 Nbxd5 14. Bb2 Nb4 15. Qc3 Rc8 16. Qe5 Qd5 17. Qf4 Nd3 18. Bxd3 Qxd3 19. Rfd1 Qe4 20. Qg3 Qg6 21. Qh3 Rfd8 22. Rac1 Rxd1+ 23. Rxd1 Qc2 24. Re1 Qxb2 25. Nd4 Rc1 26. Kf1 Ba6+ 27. Ne2 Bxe2+ 28. Kg1 Rxe1# 0-1